Регионална библиотека "Любен Каравелов" - Русе

Кьосем - Черната кралица (Запис номер 322625)

MARC детайли
000 -Лидер
Контролно поле с фиксирана дължина 01425aaa a2200337 a 4500
003 - Код на организацията, давaща контролен номер
Контролно поле BLK
005 - Дата и час на последна редакция
Контролно поле 20250623091955.0
008 - Елементи от данни с фиксирана дължина
fixed length control field 180604b bul||||| |||| 00| 0 bul d
020 ## - Международен стандартен номер на книга ISBN
Международен стандартен номер на книга ISBN 978-619-179-088-3
040 ## - Източник на каталожния запис
Идентификатор на билиотеката - собственик на записа BLK
041 ## - Код за език
Код за езика на текст/звукозапис или на отделно заглавие Български
Код за езика КДБФ Български
072 ## - Код за тематичната категория
9 (RLIN) 178275
Код за тематична категория Н83
Текст Чужда художествена литература Н
080 ## - УДК
Текстов определител УДК Турска литература
УДК код - определител по УДК 821.512.161
УДК определител -311.6
УДК - код + определител 821.512.161-311.6
100 ## - Редна дума - Автор
Автор Алтънйелеклиоглу, Демет
Авторска отговорност първи автор
R(LIN) 1299
139 ## - Редно поле
Редна дума Алтънйелеклиоглу, Демет
Авторски знак Алт - А 58
245 ## - Сведения за заглавието
Заглавие Кьосем - Черната кралица
Подзаглавни данни роман
Редно поле (дума) Демет Алтънйелеклиоглу ; прев. от тур. Марин Загорчев
257 ## - Страна на издаване
Страна на създаване/издаване Турция
260 ## - Област на издателските данни
Име на издателя, разпространителя и проч. Летера
Година на издаване 2018
Място на издаване, разпространение и проч. Пловдив
Печатница Пловдив : Полиграф комерс
300 ## - Физическа характеристика
Страници 640 с.
Размери/Мащаб 21 см
380 ## - Жанр
Жанр Худож. лит.
500 ## - Общи забележки
Забележка Ориг. загл. Kosem / Demet Altinyeleklioglu. - Съдържа и за авт.
653 #7 - Ключова дума – ненормативна
9 (RLIN) 187884
Ключова дума исторически романи
659 #7 - Тематичен бюлетин
9 (RLIN) 178160
Тематичен бюлетин Н
Тематичен бюлетин - текст Нови книги
700 ## - Други автори (авторска отговорност)
9 (RLIN) 1168
Лично име Загорчев, Марин Иванов
Автороска отговорност (Описва отношението между автора и произведението) прев. от тур.
765 ## - Описание на заглавието на оригиналният език
Редна дума на основното описание Kosem
Поясняваща информация Altinyeleklioglu, Demet
852 ## - Местоположение
Форматна сигнатура Цб 295013
999 ## - СИСТЕМНИ КОНТРОЛНИ НОМЕРА
Koha biblionumber 322625
Koha biblioitemnumber 322625
942 ## - АРТИКУЛИ
Вид на библиотечния материал Книги
Източник на класификационната схема Universal Decimal Classification
Скрит в OPAC Не
Koha issues (borrowed), all copies 36
999 ## - СИСТЕМНИ КОНТРОЛНИ НОМЕРА
Koha biblioitemnumber 322625
999 ## - СИСТЕМНИ КОНТРОЛНИ НОМЕРА
Koha biblioitemnumber 322625
944 ## - СЪЗДАВАНЕ И РЕДАКЦИЯ на ЗАПИСА
Служител, извършил регистрацията/редакцията 30542
Статус, дата на статуса Русанова Ирена
Наличности
Код за отписване Код за изгубен артикул Източник на класификационната схема Код за повреда Коз за рестрикции Код за отдаване Артикулен № Име на библиотеката - собственик Име на библиотеката, в която се намира в момента Статус (Текущо местоположение) Дата на вписване в системата Местоположение - отдел Цена в лева Инвентарен номер Систематично азбучна сигнатура Баркод Цена в евро Служебен тип на артикула
  Не е изгубен Universal Decimal Classification Не е повреден без рестрикции заемане за дома 676786 Регионална библиотека "Любен Каравелов" Русе Регионална библиотека "Любен Каравелов" Русе Заемна - подръчен фонд 2018-05-22 Заемна - подръчен фонд 17.45 120000820565 П 894.35-31/А 58 120000820565 8.92 Книги
  Не е изгубен Universal Decimal Classification Не е повреден без рестрикции заемане за дома 676787 Регионална библиотека "Любен Каравелов" Русе Регионална библиотека "Любен Каравелов" Русе Заемна - подръчен фонд 2018-05-22 Заемна - подръчен фонд 17.45 120000820556 П 894.35-31/А 58 120000820556 8.92 Книги
  Не е изгубен Universal Decimal Classification Не е повреден без рестрикции ползва се в читалня 721700 Регионална библиотека "Любен Каравелов" Русе Регионална библиотека "Любен Каравелов" Русе Хранилище 2019-06-13 Хранилище 23.90   Цб 295013 120000832370 12.22 Книги
Vip Innovations Ltd, Rousse, Bulgaria 2025